Homeland Series Episodes Seasons 1-8 - Statistics

General Stats
  • This quiz has been taken 12 times
    3 since last reset
  • The average score is 3 of 96
Answer Stats
Episode Number/ Season Episode title % Correct
season 1 Pilot
100%
13 Hours in Islamabad
33%
A Red Wheelbarrow
33%
Better Call Saul
33%
Halfway to a Donut
33%
Iron in the Fire
33%
Shalwar Kameez
33%
About a Boy
0%
Achilles Heel
0%
Active Measures
0%
A False Glimmer
0%
A Flash of Light
0%
a Gettysburg Address
0%
All About Allison
0%
All In
0%
Alt.Truth
0%
America First
0%
Andante
0%
Beirut Is Back
0%
Big Man in Tehran
0%
Blind Spot
0%
Broken Hearts
0%
Casus Belli
0%
Catch and release
0%
Chalk one up
0%
Chalk two down
0%
Clarity
0%
Clean Skin
0%
Crossfire
0%
season 8 Deception indicated
0%
designated driver
0%
season 7 Enemy of the State
0%
season 6 Fair Game
0%
False friends
0%
From A to B and Back Again
0%
Fucker shot me
0%
Game On
0%
Gerontion
0%
Goodnight
0%
Grace
0%
I'll Fly Away
0%
Imminent Risk
0%
in full flight
0%
In Memoriam
0%
Krieg Nicht Lieb
0%
Lies, Amplifiers, F ing Twitter
0%
Like Bad at Things
0%
Long Time Coming
0%
Marine One
0%
New Car Smell
0%
New Normal
0%
One Last Thing
0%
Oriole
0%
Our Man in Damascus
0%
Paean to the People
0%
Parabiosis
0%
prisoners of war
0%
Q&A
0%
Rebel Rebel
0%
Redux
0%
Representative Brody
0%
R for Romeo
0%
Semper I
0%
season 5 separation Anxiety
0%
Sock Puppets
0%
Species Jump
0%
Standoff
0%
State Of Independence
0%
Still Positive
0%
Super Powers
0%
The Choice
0%
The Cleaning
0%
The Covenant
0%
Season 4 The Drone Queen
0%
the english teacher
0%
The Flag House
0%
The Good Soldier
0%
The Litvinov Ruse
0%
The Man in the Basement
0%
There's Something Else Going On
0%
The Return
0%
season 2 The Smile
0%
The Star
0%
season 3 The Tin Man is Down
0%
The Tradition of Hospitality
0%
The Vest
0%
The weekend
0%
The Yoga Play
0%
threnody
0%
Tower of David
0%
Trylon and Perisphere
0%
Two Hats
0%
Two Minutes
0%
Uh...Oh...Ah...
0%
Useful idot
0%
Why Is This Night Different?
0%
No matching quizzes found
Score Distribution
Percent of People with Each Score
Percentile by Number Answered
Your Score History
You have not taken this quiz since the last reset